Classiche pizze italiane - Statistics

Statistiche generali
  • Questo quiz è stato fatto 233 volte
  • Il punteggio medio è 27 su 32
Statistiche sulle risposte
Group Risposta % Corretto
Margherita Mozzarella
99%
Margherita Salsa di pomodoro
99%
Capricciosa Salsa di pomodoro
99%
Marinara Salsa di pomodoro
99%
Napoli Salsa di pomodoro
99%
Boscaiola Salsa di pomodoro
99%
Americana Salsa di pomodoro
99%
Diavola Salsa di pomodoro
99%
Capricciosa Mozzarella
98%
Quattro formaggi Mozzarella
98%
Napoli Mozzarella
98%
Boscaiola Mozzarella
98%
Americana Mozzarella
98%
Diavola Mozzarella
98%
Margherita Basilico
92%
Capricciosa Basilico
92%
Capricciosa Funghi
90%
Boscaiola Funghi
90%
Quattro formaggi Gorgonzola
88%
Diavola Salamino piccante
86%
Marinara Origano
81%
Capricciosa Prosciutto cotto
79%
Napoli Acciughe
76%
Americana Patatine fritte
73%
Capricciosa Olive
71%
Capricciosa Carciofini
69%
Americana Würstel
68%
Marinara Aglio
63%
Boscaiola Salsiccia
50%
Quattro formaggi Parmigiano
49%
Napoli Capperi
47%
Quattro formaggi Fontina
38%
Nessun quiz corrispondente trovato
Distribuzione punteggi
Percentuale di utenti per punteggio
Percentile per numero di risposta
I tuoi punteggi nel tempo
Non hai fatto questo quiz